000 00528nam a2200205Ia 4500
008 230125s9999 xx 000 0 und d
020 _a81-7314-026-X
041 _aeng
082 _a658
_bFLE
100 _aFleming I
_9112024
245 _aPeople manager's pocket book
260 _c1997
_bResearch press
_aMadras
300 _a108p
440 _aPocketbook
500 _aPublic relations
500 _aSeries Book;Pocket Book Series Book
650 _aManagement
700 _aFleming I
_9112024
999 _c88956
_d88956